PIM-Aprende Programa de Multimedia para el Aprendizaje. Videoteca del portal multimedial del PIM-Aprende para apoyar el proceso de aprendizaje 1000x1000 (Record no. 9982)
[ view plain ]
| 000 -LEADER | |
|---|---|
| campo de control de longitud fija | 00515nam a2200145Ia 4500 |
| 001 - NÚMERO DE CONTROL | |
| campo de control | 2599 |
| 008 - DATOS DE LONGITUD FIJA--INFORMACIÓN GENERAL | |
| campo de control de longitud fija | 241024s9999 xx 000 0 und d |
| 082 ## - NÚMERO DE LA CLASIFICACIÓN DECIMAL DEWEY | |
| Número de clasificación | RD/025.2/R426p/2010 |
| 100 ## - ENTRADA PRINCIPAL--NOMBRE DE PERSONA | |
| Nombre de persona | República Dominicana. Ministerio de Educación MINERD |
| 245 #0 - MENCIÓN DEL TÍTULO | |
| Título | PIM-Aprende Programa de Multimedia para el Aprendizaje. Videoteca del portal multimedial del PIM-Aprende para apoyar el proceso de aprendizaje 1000x1000 |
| 260 ## - PUBLICACIÓN, DISTRIBUCIÓN, ETC. | |
| Nombre del editor, distribuidor, etc. | Santo Domingo |
| Fecha de publicación, distribución, etc. | 2010 |
| 590 ## - NOTA LOCAL (RLIN) | |
| Nota local | si |
| 901 ## - ELEMENTOS DE DATOS A LOCAL LDA (RLIN) | |
| a | 28/11/2012 10:21:24 a.m. |
No items available.